El derecho a la pensin̤ de viudedad en el contexto de la violencia de gňero

Bibliographic Details
Main Author: Cervilla Garzn̤, M® Još
Format: eBook
Language:Spanish
Published: Albacete: Editorial Bomarzo, 2017
Subjects:
Online Access:Acceso restringido

MARC

LEADER 00000nam a22000007a 4500
005 20180221233650.0
007 cr|||| ||||
008 180221s2017 es |||||s|||| 00||0 spa d
020 |a 978-84-16608-71-3 
035 |a 20980 
040 |a vLex 
090 |c 7394  |d 7394 
100 1 |a Cervilla Garzn̤, M® Još 
245 1 2 |a El derecho a la pensin̤ de viudedad en el contexto de la violencia de gňero  |h [Recurso electrn̤ico] /  |c M® Jos ̌Cervilla Garzn̤ 
256 |a Servicio en ln̕ea 
260 |a Albacete:  |b Editorial Bomarzo,  |c 2017 
300 |a 1 recurso electrn̤ico 
500 |a Cuando la violencia de gňero interfiere en las relaciones de pareja, la regulacin̤ de la pensin̤ de viudedad sufre modificaciones para limitar el acceso a la misma de los agresores, o para impedir que las vc̕timas tengan limitado su derecho a pensin̤. En esta obra se aborda el contenido de estas modificaciones, teniendo en cuenta que las particularidades incluidas en la LGSS y en la LO 1/2004, de 28 de diciembre, de Medidas de Proteccin̤ Integral contra la Violencia de Gňero, necesitan ser matizadas e, incluso, ser objeto de crt̕ica por su limitado alcance y las confusiones que genera su redaccin̤. Índice 1. Introduccin̤: la violencia de gňero y la evolucin̤ normativa de su impacto en la determinacin̤ de los beneficiarios de la pensin̤ de viudedad 2. El derecho a la pensin̤ de los condenados por violencia de gňero 2.1. Condicionantes para la posible restriccin̤ del derecho a pensin̤ 2.2. Los efectos de la violencia de gňero sobre la condicin̤ del beneficiario 3. El derecho a la pensin̤ de las vc̕timas de violencia de gňero 3.1. El derecho a la pensin̤ de vc̕timas de violencia de gňero 3.2. Los efectos de la violencia de gňero sobre la condicin̤ de beneficiaria 
506 1 |a Disponible solo en los productos indicados  |d vLex Global  |d vLex Global (Academic Edition, excluding Law Schools)  |d vLex Global (U.S. Academic Edition, Law Schools)  |d vLex Global (U.S. Academic Edition, excluding Law Schools)  |d vLex Global (Academic Edition, Law Schools) 
650 0 4 |a Derecho Civil  |z Espaą 
740 0 |a vLex Libros (Servicio en ln̕ea) 
856 4 0 |u http://vlex.com/source/derecho-a-la-pension-de-viudedad-en-el-contexto-de-la-violencia-de-genero-20980  |z Acceso restringido 
942 |c BOOK 
999 0 |a Civil Law